Faculty of Law Library — Cairo University

Official Online Catalog

La méthode de travail du juge international : (Record no. 72528)

MARC details
000 -LEADER
fixed length control field 02247cam a2200541 i 4500
001 - CONTROL NUMBER
control field 186370
003 - CONTROL NUMBER IDENTIFIER
control field EG-GICUC
005 - DATE AND TIME OF LATEST TRANSACTION
control field 20260421104838.0
008 - FIXED-LENGTH DATA ELEMENTS--GENERAL INFORMATION
fixed length control field 260121s1997 bl frb 1|| 0 fre d
010 ## - LIBRARY OF CONGRESS CONTROL NUMBER
LC control number 98224308
020 ## - INTERNATIONAL STANDARD BOOK NUMBER
International Standard Book Number 2802710443
020 ## - INTERNATIONAL STANDARD BOOK NUMBER
International Standard Book Number 9782802710448
035 ## - SYSTEM CONTROL NUMBER
System control number 186370
035 ## - SYSTEM CONTROL NUMBER
System control number (CStRLIN)ILCGHZ2908807-B
035 ## - SYSTEM CONTROL NUMBER
System control number (ICU)hz2908807
040 ## - CATALOGING SOURCE
Original cataloging agency SzGBNU
Transcribing agency EG-GICUC
Modifying agency EG-GICUC
-- ICU
-- DLC
Language of cataloging fre
Description conventions Rda
043 ## - GEOGRAPHIC AREA CODE
Geographic area code e------
082 04 - DEWEY DECIMAL CLASSIFICATION NUMBER
Edition number 21
Classification number 341.511
Item number M E
092 04 - LOCALLY ASSIGNED DEWEY CALL NUMBER (OCLC)
Edition number 21
Classification number 341.511
099 ## - LOCAL FREE-TEXT CALL NUMBER (OCLC)
Classification number Law1 11 341.511 M E 1997
111 2# - MAIN ENTRY--MEETING NAME
Meeting name or jurisdiction name as entry element Journée d'études "La méthode de travail du juge international"
Date of meeting or treaty signing (1996 :
Location of meeting Lyons, France)
245 13 - TITLE STATEMENT
Title La méthode de travail du juge international :
Remainder of title actes de la journée d'études du 23 novembre 1996 organisée par Moncef Kdhir à l'Institut d'études politiques de Lyon /
Statement of responsibility, etc. Mohamed Bedjaoui ,Bertrand Favreau, Pierre-Alain, [et al.]...
300 ## - PHYSICAL DESCRIPTION
Extent 129 page ;
Dimensions 22 cm.
336 ## - CONTENT TYPE
Content type term text
Content type code txt
Source rdacontent
337 ## - MEDIA TYPE
Media type term unmediated
Media type code n
Source rdamedia
338 ## - CARRIER TYPE
Carrier type term volume
Carrier type code nc
Source rdacarrier
490 1# - SERIES STATEMENT
Series statement Droit et justice ; 17
500 ## - GENERAL NOTE
General note Includes bibliographical references.
504 ## - BIBLIOGRAPHY, ETC. NOTE
Bibliography, etc. note Bibliography: pages 200-250. 240-220
610 20 - SUBJECT ADDED ENTRY--CORPORATE NAME
Corporate name or jurisdiction name as entry element European Court of Human Rights
Form subdivision Congresses.
650 #0 - SUBJECT ADDED ENTRY--TOPICAL TERM
Topical term or geographic name entry element Judicial process
Form subdivision Congresses.
Source of heading or term qrmak
650 #0 - SUBJECT ADDED ENTRY--TOPICAL TERM
Topical term or geographic name entry element Tribunaux internationaux
650 #0 - SUBJECT ADDED ENTRY--TOPICAL TERM
Topical term or geographic name entry element International courts
Form subdivision Congresses.
Source of heading or term qrmak
651 1# - SUBJECT ADDED ENTRY--GEOGRAPHIC NAME
Source of heading or term qrmak
655 #7 - INDEX TERM--GENRE/FORM
Genre/form data or focus term Conference papers and proceedings.
Source of term lcgft
Authority record control number or standard number https://id.loc.gov/authorities/genreForms/gf2014026068
700 1# - ADDED ENTRY--PERSONAL NAME
Personal name Dedjaoui, Mohamed.
700 1# - ADDED ENTRY--PERSONAL NAME
Personal name Kdhir, Moncef
710 2# - ADDED ENTRY--CORPORATE NAME
Corporate name or jurisdiction name as entry element Université de Lyon II. Institut d'études politiques.
711 2# - ADDED ENTRY--MEETING NAME
Meeting name or jurisdiction name as entry element Journée d'études "La méthode de travail du juge international" (1996 : Lyon, France)
830 #0 - SERIES ADDED ENTRY--UNIFORM TITLE
Uniform title Droit et justice (Brussels, Belgium)
Volume/sequential designation 17.
856 40 - ELECTRONIC LOCATION AND ACCESS
Uniform Resource Identifier <a href="https://fll.law.cu.edu.eg/fulltext/bks/B11-08992.pdf">https://fll.law.cu.edu.eg/fulltext/bks/B11-08992.pdf</a>
905 ## - Cataloger and Reviser Names
Cataloger Name: Nermin
906 ## - LOCAL DATA ELEMENT F, LDF (RLIN)
a 7
b cbc
c copycat
d 3
e ncip
f 20
g y-gencatlg
942 ## - ADDED ENTRY ELEMENTS (KOHA)
Source of classification or shelving scheme Dewey Decimal Classification
Koha item type Books
Edition 21
Suppress in OPAC No
Holdings
Withdrawn status Lost status Source of classification or shelving scheme Damaged status Not for loan Collection Home library Current library Date acquired Total checkouts Full call number Barcode Date last seen Copy number Price effective from Koha item type
    Dewey Decimal Classification   Not for loan القانون الدولي العام جــــامعة القــاهرة مكتبة كلية الحقوق - المبنى الرئيسي 21.04.2026   Law1 11 341.511 M E 1997 1108992 C1 B11-08992 21.04.2026 1 21.04.2026 Books

© All rights reserved — Faculty of Law, Cairo University

Implemented and Customized by: Eng. M. Mohamady